00621cam a22002294a 45000010009000000050017000090080041000260100017000670200018000840400013001020410008001150800010001230820014001331000007001471010008001542450029001622460012001919060045002039420012002489990017002609520114002771529741520180823080628.0080520s2008 enka d 000 0 eng  a 2008273635 a9780199204625 aDLCcDLC aeng a570.300a570.3222 a11 aBIO02aA dictionary of biology.30aBiology a7bcbccorigcopd2encipf20gy-gencatlg 2ddccBK c47275d47275 00102lcc40708PËKGa002b002cPËKGd2018-08-23l0o570.3 DAVp002-3012142r2018-08-23w2018-08-23yBK